Hongos / (Record no. 209077)
[ view plain ]
| 000 -CABECERA | |
|---|---|
| campo de control de longitud fija | 01113nam a2200313Ia 4500 |
| 001 - NÚMERO DE CONTROL | |
| campo de control | Para_10471 |
| 003 - IDENTIFICADOR DEL NÚMERO DE CONTROL | |
| campo de control | CHAP |
| 008 - DATOS DE LONGITUD FIJA--INFORMACIÓN GENERAL | |
| campo de control de longitud fija | 220125s9999 xx 000 0 und d |
| 010 ## - NÚMERO DE CONTROL DE LA BIBLIOTECA DEL CONGRESO | |
| Número de control de LC | 209077 |
| 020 ## - NÚMERO INTERNACIONAL ESTÁNDAR DEL LIBRO | |
| Número Internacional Estándar del Libro | 978 - 84 - 282 - 1089 - 8 |
| 040 ## - FUENTE DE LA CATALOGACIÓN | |
| Centro/agencia transcriptor | CHAP |
| 082 ## - NÚMERO DE LA CLASIFICACIÓN DECIMAL DEWEY | |
| Número de clasificación | PA 589.2 E93 |
| 100 ## - ENTRADA PRINCIPAL--NOMBRE DE PERSONA | |
| Nombre de persona | Evans, Shelley |
| 9 (RLIN) | 175292 |
| 245 ## - MENCIÓN DE TÍTULO | |
| Título | Hongos / |
| Mención de responsabilidad, etc. | Shelley Evans, Geoffrey Kybby; traducción y adaptación a la península Ibérica Manuel Pijoan |
| 260 ## - PUBLICACIÓN, DISTRIBUCIÓN, ETC. | |
| Lugar de publicación, distribución, etc. | España : |
| Nombre del editor, distribuidor, etc. | Omega |
| 300 ## - DESCRIPCIÓN FÍSICA | |
| Extensión | 296 p. |
| 440 ## - MENCIÓN DE SERIE/PUNTO DE ACCESO ADICIONAL--TÍTULO | |
| Título | Guía de bolsillo |
| 9 (RLIN) | 175293 |
| 500 ## - NOTA GENERAL | |
| Nota general | Una Guía fotográfica única de los hongos de España y de Europa \ Compacta y Guía compacta y fácil de usar, esta asombrosa guía da vida a más de 440 especies de hongos mediante fotografías de gran calidad. |
| 650 ## - PUNTO DE ACCESO ADICIONAL DE MATERIA--TÉRMINO DE MATERIA | |
| Término de materia o nombre geográfico como elemento de entrada | Hongos |
| Subdivisión general | España |
| -- | Identificación |
| 9 (RLIN) | 175294 |
| 700 ## - PUNTO DE ACCESO ADICIONAL--NOMBRE DE PERSONA | |
| Nombre de persona | I.Geoffrey Kybby, coat. |
| 9 (RLIN) | 175295 |
| 700 ## - PUNTO DE ACCESO ADICIONAL--NOMBRE DE PERSONA | |
| Nombre de persona | Manuel Pijoan, tr. |
| 9 (RLIN) | 175296 |
| 901 ## - ELEMENTOS DE DATOS A LOCAL LDA (RLIN) | |
| a | PA 589.2 E93 |
| 902 ## - ELEMENTOS DE DATOS B LOCAL, LDB (RLIN) | |
| a | M |
| 905 ## - ELEMENTOS DE DATOS E LOCAL, LDE (RLIN) | |
| a | 523220 2005 a 8000000300 06 |
| 910 ## - DATOS DE OPCIÓN DEL USUARIO (OCLC) | |
| Datos de opción del usuario | |
| 942 ## - ELEMENTOS DE PUNTO DE ACCESO ADICIONAL (KOHA) | |
| Tipo de ítem Koha | Parasitologia_ |
| 942 ## - ELEMENTOS DE PUNTO DE ACCESO ADICIONAL (KOHA) | |
| Tipo de ítem Koha | Parasitologia_ |
| -- | 1 |
| Estado de retiro | Estado de pérdida | Fuente del sistema de clasificación o colocación | Estado dañado | Restricciones de uso | No para préstamo | Código de colección | Localización permanente | Ubicación/localización actual | Fecha de adquisición | Información codificada de la localización en otra ubicación | Número de inventario | Total de préstamos | Renovaciones totales | Signatura topográfica completa | Código de barras | Fecha visto por última vez | Fecha del último préstamo | Número de copia | Precio válido a partir de | Tipo de ítem Koha | Nota pública |
|---|---|---|---|---|---|---|---|---|---|---|---|---|---|---|---|---|---|---|---|---|---|
| Dewey Decimal Classification | Préstamo 3 días | General | Parasitologia Agricola | Parasitologia Agricola | 10/11/2017 | PARA | (PA_010708) (No. UACh C/E) | 5 | 1 | PA 589.2 E93 | 4102000639 | 17/09/2025 | 09/09/2025 | Ej.4 | 25/01/2022 | Libro | 3 | ||||
| Dewey Decimal Classification | Préstamo interno | General | Parasitologia Agricola | Parasitologia Agricola | 09/11/2017 | PARA | (PA_010705) (No. UACh C/E) | PA 589.2 E93 | 4102000636 | 25/01/2022 | Ej.1 | 25/01/2022 | Libro | 2 | |||||||
| Dewey Decimal Classification | Préstamo 3 días | General | Parasitologia Agricola | Parasitologia Agricola | 10/11/2017 | PARA | (PA_010706) (No. UACh C/E) | PA 589.2 E93 | 4102000637 | 25/01/2022 | Ej.2 | 25/01/2022 | Libro | 3 | |||||||
| Dewey Decimal Classification | Préstamo 3 días | General | Parasitologia Agricola | Parasitologia Agricola | 10/11/2017 | PARA | (PA_010707) (No. UACh C/E) | 1 | 1 | PA 589.2 E93 | 4102000638 | 17/03/2023 | 13/03/2023 | Ej.3 | 25/01/2022 | Libro | 3 |
